[Event "Tradewise Hastings Masters 15-16"]
[Site "Hastings, England"]
[Date "2016.01.03"]
[Round "7.1"]
[White "Berkes, Ferenc"]
[Black "Fodor, Tamas Jr"]
[Result "1/2-1/2"]
[WhiteElo "2650"]
[BlackElo "2492"]
[PlyCount "29"]
[EventDate "2016.??.??"]

1. b3 g6 2. Bb2 Nf6 3. Bxf6 exf6 4. c4 Bg7 5. Nc3 O-O 6. g3 f5 7. Bg2 d6 8. Rc1
Nd7 9. e3 Nf6 10. Nge2 Re8 11. O-O c6 12. b4 a6 13. a4 h5 14. b5 axb5 15. axb5
1/2-1/2

[Event "Tradewise Hastings Masters 15-16"]
[Site "Hastings, England"]
[Date "2016.01.03"]
[Round "7.2"]
[White "Mista, Aleksander"]
[Black "Sulskis, Sarunas"]
[Result "1/2-1/2"]
[WhiteElo "2567"]
[BlackElo "2535"]
[PlyCount "86"]
[EventDate "2016.??.??"]

1. e4 e5 2. Nf3 Nc6 3. Bb5 a6 4. Ba4 Nf6 5. d3 b5 6. Bb3 d6 7. a4 bxa4 8. Rxa4
Be7 9. Nc3 O-O 10. Nd5 Nb8 11. Be3 Nxd5 12. Bxd5 c6 13. Bb3 Nd7 14. O-O Nb6 15.
Ra2 a5 16. Qd2 a4 17. Bxb6 Qxb6 18. Rfa1 Bg4 19. Qe3 Bd8 20. Rxa4 Rxa4 21. Rxa4
Qb5 22. Ng5 Bxg5 23. Qxg5 Be6 24. Ra3 h6 25. Qe3 Bxb3 26. Rxb3 Qa4 27. g3 Qa1+
28. Kg2 Qd1 29. Rc3 c5 30. Qf3 Qc1 31. Rb3 Qxc2 32. Rb6 Rd8 33. Rb7 Rf8 34. b3
Qa2 35. Rd7 Qa6 36. h4 Qc6 37. Re7 Qb5 38. h5 Qxb3 39. Rd7 Qe6 40. Qf5 Qxf5 41.
exf5 Rc8 42. Rxd6 c4 43. dxc4 Rxc4 1/2-1/2

[Event "Tradewise Hastings Masters 15-16"]
[Site "Hastings, England"]
[Date "2016.01.03"]
[Round "7.3"]
[White "Bagi, Mate"]
[Black "Vakhidov, Jahongir"]
[Result "0-1"]
[WhiteElo "2440"]
[BlackElo "2546"]
[PlyCount "84"]
[EventDate "2016.??.??"]

1. e4 d5 2. exd5 Qxd5 3. Nc3 Qd6 4. d4 Nf6 5. Nf3 g6 6. Nb5 Qd8 7. Bf4 Nd5 8.
Be5 f6 9. c4 a6 10. Na3 fxe5 11. cxd5 e6 12. Qa4+ Bd7 13. Qb3 exd5 14. dxe5 Nc6
15. O-O-O Qe7 16. Rxd5 Nb4 17. Rxd7 Qxd7 18. Bc4 b5 19. Be6 Bh6+ 20. Kb1 Qd3+
21. Nc2 Qxc2+ 22. Qxc2 Nxc2 23. Kxc2 Rd8 24. b4 Rf8 25. h4 Ke7 26. Bb3 Rf4 27.
a3 Re4 28. Re1 Rxe1 29. Nxe1 Rd2+ 30. Kc3 Rxf2 31. Kd4 Re2 32. Nf3 Rxg2 33. Kc5
Rf2 34. Bd5 Rc2+ 35. Kd4 c6 36. Bg8 Rf2 37. Ng5 Bxg5 38. hxg5 Rf8 39. Bxh7 Kf7
40. Kc5 Re8 41. Kxc6 Rxe5 42. Kb7 Re6 0-1

[Event "Tradewise Hastings Masters 15-16"]
[Site "Hastings, England"]
[Date "2016.01.03"]
[Round "7.4"]
[White "Romanishin, Oleg M"]
[Black "Flear, Glenn C"]
[Result "1/2-1/2"]
[WhiteElo "2462"]
[BlackElo "2459"]
[PlyCount "41"]
[EventDate "2016.??.??"]

1. Nf3 d5 2. g3 Bg4 3. Bg2 Nd7 4. c4 e6 5. Qa4 Ngf6 6. cxd5 exd5 7. d4 c6 8.
Qb3 Qb6 9. Qe3+ Be7 10. O-O h6 11. Nc3 Be6 12. Nh4 O-O 13. Ng6 Rfe8 14. Nxe7+
Rxe7 15. Qd3 Bg4 16. h3 Be6 17. Bf4 Ree8 18. b3 Rad8 19. Rfd1 Qb4 20. a3 Qe7
21. a4 1/2-1/2

[Event "Tradewise Hastings Masters 15-16"]
[Site "Hastings, England"]
[Date "2016.01.03"]
[Round "7.5"]
[White "Eggleston, David J"]
[Black "Khenkin, Igor"]
[Result "0-1"]
[WhiteElo "2396"]
[BlackElo "2605"]
[PlyCount "180"]
[EventDate "2016.??.??"]

1. e4 c6 2. d4 d5 3. Nc3 dxe4 4. Nxe4 Bf5 5. Ng3 Bg6 6. h4 h6 7. Nf3 Nd7 8. h5
Bh7 9. Bd3 Bxd3 10. Qxd3 e6 11. Bd2 Ngf6 12. O-O-O Bd6 13. Ne4 Nxe4 14. Qxe4
Nf6 15. Qe2 Bc7 16. c4 b5 17. Kb1 bxc4 18. Rc1 O-O 19. Rxc4 Qd5 20. g4 Ne4 21.
Rhc1 Nxd2+ 22. Nxd2 Bf4 23. Rc5 Qxd4 24. Nf3 Qf6 25. R1c2 Rab8 26. Rxc6 Rfd8
27. a3 Qe7 28. Ka2 Qb7 29. Qc4 a5 30. a4 Bd6 31. Nd4 Qd7 32. Nb5 Bb4 33. f3 Qd5
34. Qxd5 Rxd5 35. f4 Rbd8 36. R6c4 Kf8 37. Rc7 Bd2 38. R2c4 f5 39. gxf5 Rxf5
40. Nd4 Rf6 41. Nc6 Re8 42. Ne5 Kg8 43. Ng6 Bb4 44. Rc8 Rxc8 45. Rxc8+ Kf7 46.
Ne5+ Ke7 47. Rc7+ Kd6 48. Rd7+ Kc5 49. Rxg7 Kd5 50. Ng4 Rxf4 51. Nxh6 Bf8 52.
Rg5+ Kd6 53. Ng4 Rxa4+ 54. Kb3 Rf4 55. h6 Rf3+ 56. Ka4 Rh3 57. Rg6 Rh5 58. h7
Rxh7 59. Kxa5 Ra7+ 60. Kb4 Rb7+ 61. Ka3 Bg7 62. b3 Bc3 63. Ka2 Bd4 64. Rg5 e5
65. Rg6+ Kc5 66. Nf6 Ra7+ 67. Kb1 Kb4 68. Rg3 Ra1+ 69. Kc2 Ra2+ 70. Kd1 Rf2 71.
Ne4 Rf4 72. Nd2 e4 73. Nc4 Rh4 74. Ke2 Rh2+ 75. Kf1 Rc2 76. Rg4 Kxb3 77. Na5+
Kc3 78. Rxe4 Kd3 79. Re6 Rf2+ 80. Ke1 Rg2 81. Kd1 Rb2 82. Kc1 Rb5 83. Nc6 Be3+
84. Rxe3+ Kxe3 85. Ne7 Rc5+ 86. Kb2 Ke4 87. Kb3 Rc7 88. Ng6 Rg7 89. Nf8 Kd5 90.
Kc3 Kd6 0-1

[Event "Tradewise Hastings Masters 15-16"]
[Site "Hastings, England"]
[Date "2016.01.03"]
[Round "7.6"]
[White "Krishna C R G"]
[Black "Pap, Gyula"]
[Result "1-0"]
[WhiteElo "2367"]
[BlackElo "2551"]
[PlyCount "45"]
[EventDate "2016.??.??"]

1. Nf3 f5 2. b3 d6 3. d4 Nf6 4. g3 g6 5. Bg2 Bg7 6. Bb2 O-O 7. O-O a5 8. Nbd2
c6 9. c4 a4 10. Qc2 axb3 11. axb3 Rxa1 12. Rxa1 Na6 13. Bc3 Qb6 14. Qb1 Ne4 15.
Nxe4 fxe4 16. Ba5 Qa7 17. Qxe4 Nb4 18. Qb1 Bxd4 19. Nxd4 Qxd4 20. Bxb4 Rxf2 21.
Ra8 Rxe2+ 22. Kh1 Qg4 23. Qd1 1-0

[Event "Tradewise Hastings Masters 15-16"]
[Site "Hastings, England"]
[Date "2016.01.03"]
[Round "7.7"]
[White "Batchelor, Peter J"]
[Black "Arkell, Keith C"]
[Result "1-0"]
[WhiteElo "2307"]
[BlackElo "2490"]
[PlyCount "125"]
[EventDate "2016.??.??"]

1. d4 Nf6 2. c4 c5 3. Nf3 cxd4 4. Nxd4 Nc6 5. Nc3 g6 6. e4 d6 7. Be2 Nxd4 8.
Qxd4 Bg7 9. Be3 O-O 10. Qd2 Be6 11. Rc1 Qa5 12. O-O Rfc8 13. b3 Qd8 14. f4 Bd7
15. Bf3 Bc6 16. Rfd1 a5 17. Qf2 Nd7 18. Nd5 Bxd5 19. Rxd5 Qe8 20. Rcd1 Rc7 21.
Rb5 a4 22. e5 axb3 23. axb3 dxe5 24. Rxb7 Rac8 25. Bb6 Nxb6 26. Qxb6 Rxb7 27.
Bxb7 Rb8 28. c5 exf4 29. c6 Be5 30. c7 Bxc7 31. Qxc7 Kg7 32. Rd7 e6 33. b4 g5
34. Qe5+ Kg6 35. Be4+ Kh5 36. Rd3 f5 37. Bf3+ g4 38. Bd1 Rd8 39. Rd6 Qe7 40.
Rxd8 Qxd8 41. Ba4 Qe7 42. Bb5 Kg5 43. Qc5 Qd8 44. Bf1 g3 45. b5 e5 46. b6 e4
47. hxg3 fxg3 48. b7 Kg6 49. Be2 Qb8 50. Qb6+ Kg5 51. Bc4 Kg4 52. Qe3 Kh5 53.
Qc5 Kg6 54. Be6 Qxb7 55. Qxf5+ Kh6 56. Qf4+ Kg6 57. Qxg3+ Kf6 58. Bg4 Qb1+ 59.
Kh2 Qc1 60. Qf2+ Ke5 61. Qf5+ Kd4 62. Qf6+ Kd5 63. Qe6+ 1-0

[Event "Tradewise Hastings Masters 15-16"]
[Site "Hastings, England"]
[Date "2016.01.03"]
[Round "7.8"]
[White "Longson, Alexander"]
[Black "Hebden, Mark L"]
[Result "0-1"]
[WhiteElo "2320"]
[BlackElo "2469"]
[PlyCount "102"]
[EventDate "2016.??.??"]

1. e4 e5 2. Nf3 Nc6 3. Bb5 a6 4. Ba4 Nf6 5. O-O Be7 6. Re1 b5 7. Bb3 O-O 8. a4
Bb7 9. d3 d6 10. Nbd2 b4 11. Nc4 Rb8 12. Ne3 Nd4 13. Ba2 c5 14. Nd2 Bc8 15.
Ndc4 Nc6 16. a5 Be6 17. Bd2 Re8 18. h3 Bf8 19. Bb3 Qc7 20. Ba4 Red8 21. Bxc6
Qxc6 22. Rf1 Qc7 23. Qe2 g6 24. Ng4 Nxg4 25. hxg4 d5 26. exd5 Bxd5 27. Nb6 Bb7
28. g5 e4 29. dxe4 Bg7 30. Nc4 Bc6 31. Rad1 Bb5 32. b3 Rd4 33. f3 Bxc4 34. bxc4
Qxa5 35. Bf4 Rbd8 36. Ra1 Qb6 37. Ra2 Qe6 38. Rfa1 Qxc4 39. Qe1 R4d7 40. Qf1
Bd4+ 41. Kh2 Qxf1 42. Rxf1 Ra8 43. Rd1 Rb7 44. Ra5 Rb5 45. Bc7 Ra7 46. Rxb5
axb5 47. Bb6 Ra2 48. Rc1 Kf8 49. Kg3 Ke7 50. f4 Kd7 51. Kf3 Ra6 0-1

[Event "Tradewise Hastings Masters 15-16"]
[Site "Hastings, England"]
[Date "2016.01.03"]
[Round "7.9"]
[White "Tarhon, Brian"]
[Black "Williams, Simon K"]
[Result "1/2-1/2"]
[WhiteElo "2139"]
[BlackElo "2439"]
[PlyCount "97"]
[EventDate "2016.??.??"]

1. e4 d6 2. d4 Nf6 3. Nc3 Nbd7 4. h3 e5 5. Be3 Be7 6. Nge2 exd4 7. Nxd4 Nc5 8.
Qf3 O-O 9. O-O-O Qe8 10. g4 Bd8 11. Bg2 Na4 12. Nxa4 Qxa4 13. Kb1 Re8 14. Qf4
Nd7 15. Nf5 Ne5 16. Bd4 Be6 17. b3 Qb4 18. Qc1 a5 19. f4 a4 20. fxe5 axb3 21.
axb3 c5 22. Qb2 cxd4 23. Rxd4 Qc5 24. Nxd6 Bb6 25. Rhd1 Reb8 26. Bf1 Qxe5 27.
R4d2 Qg5 28. Bc4 Be3 29. Rd3 Bf4 30. Bxe6 fxe6 31. Nc4 b5 32. Nd2 Be5 33. c3 b4
34. Nf3 bxc3 35. Qc2 Qf4 36. Nxe5 Qxe5 37. Rxc3 h6 38. Re1 Ra3 39. Qb2 Qa5 40.
Rec1 Kh7 41. e5 Qb4 42. Qc2+ Kh8 43. Rc8+ Rxc8 44. Qxc8+ Kh7 45. Qc2+ Kh8 46.
Qc8+ Kh7 47. Qc2+ Kh8 48. Qc8+ Kh7 49. Qc2+ 1/2-1/2

[Event "Tradewise Hastings Masters 15-16"]
[Site "Hastings, England"]
[Date "2016.01.03"]
[Round "7.10"]
[White "Nagy, Gabor"]
[Black "Ledger, Dave J"]
[Result "1-0"]
[WhiteElo "2403"]
[BlackElo "2212"]
[PlyCount "65"]
[EventDate "2016.??.??"]

1. Nf3 Nf6 2. c4 g6 3. g3 Bg7 4. Bg2 O-O 5. O-O d6 6. d4 Nbd7 7. Nc3 e5 8. h3
Re8 9. e4 exd4 10. Nxd4 a6 11. Rb1 Rb8 12. Be3 Ne5 13. b3 c5 14. Nde2 b5 15.
cxb5 axb5 16. b4 c4 17. a4 Bd7 18. axb5 Bxb5 19. Nxb5 Rxb5 20. Qa4 Rb8 21. b5
Ra8 22. Qc2 Ra3 23. Bc1 Rd3 24. f4 Qb6+ 25. Kh1 Neg4 26. Qxc4 Rd1 27. hxg4 Nxg4
28. Rxd1 Nf2+ 29. Kg1 Nxd1+ 30. Kh2 Nf2 31. Qc6 Qb8 32. Bf3 Rc8 33. Qa6 1-0

[Event "Tradewise Hastings Masters 15-16"]
[Site "Hastings, England"]
[Date "2016.01.03"]
[Round "7.11"]
[White "Gormally, Daniel W"]
[Black "Byron, Alan M"]
[Result "1-0"]
[WhiteElo "2506"]
[BlackElo "2175"]
[PlyCount "69"]
[EventDate "2016.??.??"]

1. e4 e5 2. Nf3 Nc6 3. Bb5 a6 4. Ba4 Nf6 5. O-O Be7 6. Qe2 b5 7. Bb3 d6 8. c3
O-O 9. d4 Bg4 10. Rd1 exd4 11. cxd4 d5 12. e5 Ne4 13. Nc3 Nxc3 14. bxc3 Bf5 15.
Ne1 Na5 16. Bc2 Bxc2 17. Qxc2 Qd7 18. Rd3 Qf5 19. Qd1 Nc4 20. Rf3 Qd7 21. Rh3
g6 22. Bh6 Rfe8 23. Qf3 c6 24. Nd3 Bf8 25. Qf4 f5 26. Rg3 Bxh6 27. Qxh6 Qg7 28.
Qg5 Nb6 29. h4 Nd7 30. Nf4 Qe7 31. h5 Qxg5 32. Rxg5 Nf8 33. hxg6 hxg6 34. Nxg6
Nxg6 35. Rxg6+ 1-0

[Event "Tradewise Hastings Masters 15-16"]
[Site "Hastings, England"]
[Date "2016.01.03"]
[Round "7.12"]
[White "Sarkar, Justin"]
[Black "Roberts, Paul"]
[Result "1-0"]
[WhiteElo "2407"]
[BlackElo "2197"]
[PlyCount "97"]
[EventDate "2016.??.??"]

1. d4 d5 2. Nf3 Nf6 3. c4 c6 4. Qc2 dxc4 5. Qxc4 Bf5 6. g3 e6 7. Bg2 Be7 8. O-O
O-O 9. e3 Nbd7 10. Qe2 h6 11. Rd1 Qb6 12. Nc3 Ne4 13. Nxe4 Bxe4 14. Ne5 Nxe5
15. Bxe4 Nd7 16. Bg2 Rfd8 17. e4 e5 18. Be3 exd4 19. Bxd4 Bc5 20. Bc3 Nf8 21.
Bh3 Rxd1+ 22. Rxd1 Rd8 23. Rd2 Bd4 24. Qc4 Bxc3 25. Qxc3 Rxd2 26. Qxd2 c5 27.
Qc3 Qc7 28. f4 Ne6 29. Bxe6 fxe6 30. Qc4 Qd6 31. e5 Qd1+ 32. Kg2 Qd5+ 33. Qxd5
exd5 34. a4 a5 35. f5 Kf7 36. Kf3 Ke7 37. g4 Kf7 38. Kf4 Ke7 39. g5 hxg5+ 40.
Kxg5 d4 41. Kf4 Kf7 42. Ke4 Ke7 43. h4 Kf7 44. h5 b6 45. Kd3 Ke7 46. f6+ gxf6
47. h6 Kf7 48. h7 Kg7 49. e6 1-0

[Event "Tradewise Hastings Masters 15-16"]
[Site "Hastings, England"]
[Date "2016.01.03"]
[Round "7.13"]
[White "Snape, Ian L"]
[Black "Ripari, Marcelo"]
[Result "1/2-1/2"]
[WhiteElo "2168"]
[BlackElo "2310"]
[PlyCount "36"]
[EventDate "2016.??.??"]

1. e4 c5 2. Nf3 Nc6 3. d4 cxd4 4. Nxd4 e5 5. Nb5 a6 6. Nd6+ Bxd6 7. Qxd6 Qe7 8.
Qxe7+ Ngxe7 9. Nc3 d5 10. Bd3 Be6 11. O-O Nb4 12. f4 Nxd3 13. cxd3 exf4 14.
Bxf4 dxe4 15. dxe4 O-O 16. Rfd1 Rfc8 17. Nd5 Nxd5 18. exd5 Bd7 1/2-1/2

[Event "Tradewise Hastings Masters 15-16"]
[Site "Hastings, England"]
[Date "2016.01.03"]
[Round "7.14"]
[White "Wadsworth, Matthew J"]
[Black "Hand, Freddie"]
[Result "1/2-1/2"]
[WhiteElo "2273"]
[BlackElo "1878"]
[PlyCount "72"]
[EventDate "2016.??.??"]

1. c4 c6 2. g3 Nf6 3. Bg2 d5 4. Nf3 e6 5. b3 Be7 6. O-O O-O 7. Bb2 Nbd7 8. d3
b6 9. Qc2 Bb7 10. Nbd2 Bd6 11. Rad1 e5 12. e4 d4 13. Nh4 g6 14. Ndf3 Nh5 15.
Bc1 Be7 16. Bh3 Bc8 17. Ng2 Qc7 18. Nfe1 Nc5 19. Bxc8 Qxc8 20. f4 exf4 21. Nxf4
Nxf4 22. Bxf4 f5 23. Be5 Qe6 24. Bxd4 fxe4 25. Rxf8+ Rxf8 26. dxe4 Nxe4 27. Ng2
c5 28. Be3 Bg5 29. Nf4 Bxf4 30. Bxf4 Rxf4 31. gxf4 Qg4+ 32. Kf1 Qxf4+ 33. Kg2
Qg4+ 34. Kf1 Qf3+ 35. Kg1 Qg4+ 36. Kf1 Qf3+ 1/2-1/2

[Event "Tradewise Hastings Masters 15-16"]
[Site "Hastings, England"]
[Date "2016.01.03"]
[Round "7.15"]
[White "Prosviriakov, Vladimir"]
[Black "Gluckman, Paul"]
[Result "1-0"]
[WhiteElo "2232"]
[BlackElo "1742"]
[PlyCount "91"]
[EventDate "2016.??.??"]

1. d4 Nf6 2. Nf3 g6 3. c4 Bg7 4. Nc3 d5 5. Bg5 Ne4 6. cxd5 Nxc3 7. bxc3 Qxd5 8.
e3 Bg4 9. Be2 c5 10. Qb3 Qxb3 11. axb3 Nc6 12. O-O h6 13. Bf4 O-O 14. h3 Be6
15. Ra3 g5 16. Bg3 a6 17. Nd2 cxd4 18. cxd4 Bd5 19. Nc4 Bxc4 20. bxc4 f5 21.
Bc7 Rac8 22. Bb6 Bf6 23. Rb1 e6 24. Bh5 Be7 25. Rab3 Bd6 26. Bf3 Rf7 27. c5 Bf8
28. d5 Ne5 29. Bh5 Re7 30. d6 Rd7 31. Bc7 Rdxc7 32. dxc7 Rxc7 33. Rxb7 Rxc5 34.
R7b6 f4 35. exf4 gxf4 36. Rxa6 Nc4 37. Bg4 Nd2 38. Bxe6+ Kg7 39. Rd1 Rc2 40.
Ra4 Kf6 41. Rxf4+ Kxe6 42. Rxf8 Ke7 43. Rh8 Kf7 44. Rxh6 Ne4 45. Rd7+ Kg8 46.
Re6 1-0

[Event "Tradewise Hastings Masters 15-16"]
[Site "Hastings, England"]
[Date "2016.01.03"]
[Round "7.16"]
[White "Burrows, Martin P"]
[Black "Rolvag, Mikael"]
[Result "0-1"]
[WhiteElo "2145"]
[BlackElo "2221"]
[PlyCount "118"]
[EventDate "2016.??.??"]

1. e4 e6 2. d4 d5 3. Nc3 Bb4 4. e5 Ne7 5. a3 Bxc3+ 6. bxc3 c5 7. Qg4 Kf8 8. Nf3
b6 9. a4 Qc7 10. dxc5 bxc5 11. Bd3 Nd7 12. O-O h6 13. Re1 Qa5 14. Bd2 c4 15.
Bf1 Nc5 16. Nd4 Bd7 17. Re3 Rb8 18. Rf3 Kg8 19. h4 h5 20. Qf4 Rf8 21. Rh3 a6
22. Be2 Qc7 23. Nf3 Ne4 24. Bc1 Nxc3 25. Qe3 Nxe2+ 26. Qxe2 Nf5 27. c3 Rb8 28.
Nd4 Nxd4 29. cxd4 Rb4 30. Qc2 Qb6 31. Bd2 Rb2 32. Qc1 Rb3 33. Bc3 Qd8 34. a5
Rh6 35. Qd1 Be8 36. Rb1 Rxb1 37. Qxb1 Rg6 38. Qb7 Bb5 39. Rf3 Qe8 40. Rg3 Rxg3
41. fxg3 Qf8 42. Be1 Kh7 43. Qc7 Kg6 44. Kf2 Kf5 45. Bb4 Qe8 46. Kf3 Qd7 47.
Qb8 Qe8 48. Qc7 Kg6 49. g4 hxg4+ 50. Kxg4 Qh8 51. Kh3 Qh6 52. g3 Ba4 53. Qe7
Bd1 54. Kg2 Qe3 55. Qg5+ Qxg5 56. hxg5 Kf5 57. Kf2 Ke4 58. Ke1 Bg4 59. Bc3 Kd3
0-1

[Event "Tradewise Hastings Masters 15-16"]
[Site "Hastings, England"]
[Date "2016.01.03"]
[Round "7.17"]
[White "Bates, Richard A"]
[Black "Kett, Tim"]
[Result "1-0"]
[WhiteElo "2331"]
[BlackElo "2192"]
[PlyCount "57"]
[EventDate "2016.??.??"]

1. d4 Nf6 2. Nf3 d5 3. c4 e6 4. e3 c6 5. Bd3 Nbd7 6. O-O dxc4 7. Bxc4 Bd6 8.
Nbd2 O-O 9. Be2 c5 10. Nc4 Bc7 11. b3 b5 12. Nce5 a6 13. Nxd7 Nxd7 14. dxc5
Nxc5 15. Ba3 Bd6 16. Qd4 Nb7 17. Bb2 f6 18. Rac1 Qe7 19. Rfd1 e5 20. Qb6 Bc5
21. Qc6 Bg4 22. Nxe5 Rfc8 23. Qe4 Bxe2 24. Rd7 Qe6 25. Qxb7 fxe5 26. Rxg7+ Kf8
27. Rxc5 Rxc5 28. Ba3 Rac8 29. Rxh7 1-0

[Event "Tradewise Hastings Masters 15-16"]
[Site "Hastings, England"]
[Date "2016.01.03"]
[Round "7.18"]
[White "Crocker, Philip J"]
[Black "Radovanovic, Jovica"]
[Result "0-1"]
[WhiteElo "2169"]
[BlackElo "2321"]
[PlyCount "94"]
[EventDate "2016.??.??"]

1. c4 e5 2. g3 Nf6 3. Bg2 d5 4. cxd5 Nxd5 5. Nc3 Nb6 6. Nf3 Nc6 7. O-O Be7 8.
a3 a5 9. d3 O-O 10. b3 Re8 11. Bb2 Bf8 12. e3 Bg4 13. h3 Bf5 14. Ne4 Qd7 15. g4
Bg6 16. Qe2 Rad8 17. Rfd1 f5 18. gxf5 Bxf5 19. Kh2 Bd6 20. Rac1 Qe7 21. Nxd6
Qxd6 22. e4 Bg6 23. Kh1 Bh5 24. Qe3 Rf8 25. Rd2 Nd7 26. Nh4 Bg6 27. d4 exd4 28.
Bxd4 Qxa3 29. Bb2 Qe7 30. Nxg6 hxg6 31. f4 Nf6 32. Rcd1 Nh5 33. Rxd8 Nxd8 34.
Be5 Nc6 35. Rd5 g5 36. Bf3 Nxf4 37. Bxf4 Rxf4 38. e5 Qe6 39. Bg2 Rf5 40. Qd3
Rxe5 41. Rxe5 Qxe5 42. Bxc6 bxc6 43. Qd8+ Kh7 44. Qd3+ Kh6 45. Kg1 Qc5+ 46. Kf1
Qb5 47. Ke2 Kh5 0-1

[Event "Tradewise Hastings Masters 15-16"]
[Site "Hastings, England"]
[Date "2016.01.03"]
[Round "7.19"]
[White "Eggleston, Thomas A"]
[Black "Karthik, V. AP."]
[Result "0-1"]
[WhiteElo "2159"]
[BlackElo "2310"]
[PlyCount "117"]
[EventDate "2016.??.??"]

1. d4 Nf6 2. c4 e6 3. Nc3 Bb4 4. e3 O-O 5. Bd3 d5 6. Nf3 c5 7. O-O dxc4 8. Bxc4
cxd4 9. exd4 b6 10. Bg5 Bb7 11. Qe2 Nbd7 12. Rac1 a6 13. Ne5 b5 14. Bb3 Qb6 15.
Rfd1 Rac8 16. Nxd7 Nxd7 17. Qg4 Kh8 18. Rd3 f5 19. Qh4 e5 20. Rh3 Qg6 21. Be6
Be7 22. Qh5 Qxh5 23. Rxh5 Bxg5 24. Rxg5 exd4 25. Bxd7 dxc3 26. bxc3 Rc5 27. Re1
g6 28. Re7 Rc7 29. Rg3 Bc6 30. Rh3 h5 31. Rg3 Rxd7 32. Rxd7 Bxd7 33. Rxg6 Re8
34. h4 Re6 35. Rg5 Re1+ 36. Kh2 Re2 37. Rg6 Be6 38. Kg3 Kh7 39. Rg5 f4+ 40.
Kxf4 Rxf2+ 41. Ke4 Bg4 42. Rc5 Rxa2 43. Ke5 Rxg2 44. Rc7+ Kg8 45. Ra7 Re2+ 46.
Kd5 Ra2 47. Ke5 Kf8 48. Ra8+ Ke7 49. Ra7+ Ke8 50. Kd6 Ra4 51. Ra8+ Kf7 52. Ke5
Be2 53. Ra7+ Kg6 54. Ra8 Rxh4 55. Rxa6+ Kg5 56. Ra2 Bc4 57. Rf2 Rg4 58. Rh2 Rg3
59. Kd4 0-1

[Event "Tradewise Hastings Masters 15-16"]
[Site "Hastings, England"]
[Date "2016.01.03"]
[Round "7.20"]
[White "Helbig, Paul D"]
[Black "Taylor, Adam C"]
[Result "0-1"]
[WhiteElo "2122"]
[BlackElo "2282"]
[PlyCount "68"]
[EventDate "2016.??.??"]

1. e4 e5 2. f4 d5 3. exd5 exf4 4. Nf3 Nf6 5. Bc4 Nxd5 6. Bxd5 Qxd5 7. O-O Nc6
8. Nc3 Qf5 9. Qe2+ Be6 10. Qb5 Qxb5 11. Nxb5 O-O-O 12. d3 a6 13. Nc3 Bc5+ 14.
Kh1 Nb4 15. Ne4 Be3 16. Bxe3 fxe3 17. Ne1 Rhe8 18. a3 Nc6 19. Ng5 f6 20. Nxe6
Rxe6 21. Rf4 g5 22. Rc4 f5 23. Rc5 Rf8 24. g4 Re5 25. Rc4 fxg4 26. Rxg4 Rf1+
27. Kg2 Ref5 28. h4 R5f2+ 29. Kg3 Rg1+ 30. Kh3 Rh1+ 31. Kg3 gxh4+ 32. Rxh4 Rg1+
33. Kh3 Re2 34. Rg4 Rh1+ 0-1

[Event "Tradewise Hastings Masters 15-16"]
[Site "Hastings, England"]
[Date "2016.01.03"]
[Round "7.21"]
[White "Atako, Chino C"]
[Black "Rudd, Jack"]
[Result "0-1"]
[WhiteElo "2050"]
[BlackElo "2255"]
[PlyCount "120"]
[EventDate "2016.??.??"]

1. d4 Nf6 2. c4 c5 3. d5 e6 4. Nc3 exd5 5. cxd5 d6 6. e4 g6 7. Bf4 a6 8. a4 Bg7
9. Bd3 O-O 10. Nf3 Bg4 11. O-O Nh5 12. Be3 Nd7 13. Be2 Re8 14. h3 Bxf3 15. Bxf3
Nhf6 16. Qc2 Rc8 17. a5 Qe7 18. Rfe1 h6 19. g3 Nh7 20. Bg2 h5 21. f4 h4 22. g4
g5 23. fxg5 Ne5 24. Kh1 Nxg5 25. Qf2 Nd3 26. Qxh4 Nxe1 27. Rxe1 Bf6 28. Qh6 Nh7
29. e5 Bxe5 30. Be4 f6 31. Bf5 Rcd8 32. Be6+ Kh8 33. Rf1 Qg7 34. Qh5 Rxe6 35.
dxe6 Qe7 36. g5 Qxe6 37. g6 Rd7 38. Rf3 d5 39. Bxc5 d4 40. Nd1 Qc6 41. b4 Qe4
42. Qf5 Qe2 43. Rf2 Qxd1+ 44. Rf1 Qe2 45. Rf2 Qe1+ 46. Rf1 Qe2 47. Rf2 Qb5 48.
Rg2 Qc6 49. Kg1 Rg7 50. h4 Qd7 51. Qh5 Qd5 52. Qg4 f5 53. Qh5 Qe4 54. Re2 Qf4
55. Bf8 Qg3+ 56. Kf1 Rxg6 57. Rxe5 Qh3+ 58. Ke1 Rg1+ 59. Kd2 Rg2+ 60. Re2 Qc3+
0-1

[Event "Tradewise Hastings Masters 15-16"]
[Site "Hastings, England"]
[Date "2016.01.03"]
[Round "7.22"]
[White "Anderson, John"]
[Black "ter Steeg, Marcus"]
[Result "0-1"]
[WhiteElo "2247"]
[BlackElo "2036"]
[PlyCount "66"]
[EventDate "2016.??.??"]

1. e4 c5 2. Nf3 e6 3. Nc3 a6 4. d4 cxd4 5. Nxd4 Qc7 6. g3 b5 7. a3 Bb7 8. Bg2
d6 9. O-O Nf6 10. f4 Be7 11. g4 h6 12. Kh1 Nbd7 13. h3 g5 14. fxg5 hxg5 15.
Bxg5 O-O-O 16. Ndxb5 axb5 17. Nxb5 Qc5 18. Bxf6 Nxf6 19. Qe2 Rxh3+ 20. Bxh3
Bxe4+ 21. Kh2 Qe5+ 22. Kg1 Qg3+ 23. Bg2 Nxg4 24. Rxf7 Qh2+ 25. Kf1 Bxg2+ 26.
Ke1 Qg1+ 27. Kd2 Bg5+ 28. Kc3 Qc5+ 29. Kb3 Bd5+ 30. c4 Qxb5+ 31. Kc3 Qxc4+ 32.
Qxc4+ Bxc4 33. Kxc4 Ne5+ 0-1

[Event "Tradewise Hastings Masters 15-16"]
[Site "Hastings, England"]
[Date "2016.01.03"]
[Round "7.23"]
[White "Golding, James"]
[Black "Gluckman, David"]
[Result "0-1"]
[WhiteElo "1882"]
[BlackElo "2219"]
[PlyCount "104"]
[EventDate "2016.??.??"]

1. d4 e6 2. c4 f5 3. Nc3 Nf6 4. Qc2 Bb4 5. a3 Bxc3+ 6. Qxc3 O-O 7. Nf3 b6 8. g3
Bb7 9. Bg2 d6 10. O-O Qe7 11. b4 Nbd7 12. Bb2 c5 13. dxc5 dxc5 14. Rfd1 Rac8
15. b5 Rcd8 16. Ne5 Nxe5 17. Qxe5 Bxg2 18. Kxg2 Rd7 19. Rd3 Rxd3 20. exd3 Rd8
21. Re1 Rxd3 22. Qxe6+ Qxe6 23. Rxe6 Kf7 24. Re2 Ne4 25. f3 Nd6 26. Rc2 Nxc4
27. Rxc4 Rd2+ 28. Kg1 Rxb2 29. Ra4 Rxb5 30. Rxa7+ Kf6 31. a4 Rb1+ 32. Kf2 Rb2+
33. Ke3 Rxh2 34. Ra6 Rb2 35. a5 Rb3+ 36. Ke2 Ke5 37. axb6 Kd4 38. Ra7 Rb2+ 39.
Kd1 Rxb6 40. Rxg7 Ke3 41. Rc7 Rd6+ 42. Kc2 Rd5 43. Rxh7 Kxf3 44. Rg7 Rd4 45.
Rg5 Ke4 46. g4 f4 47. Rxc5 f3 48. Rf5 Rd8 49. Rf6 Ke3 50. g5 f2 51. g6 Rg8 52.
Kd1 Rxg6 0-1

[Event "Tradewise Hastings Masters 15-16"]
[Site "Hastings, England"]
[Date "2016.01.03"]
[Round "7.24"]
[White "Cunningham, Robin"]
[Black "Norinkeviciute, Rasa"]
[Result "1-0"]
[WhiteElo "2205"]
[BlackElo "2036"]
[PlyCount "59"]
[EventDate "2016.??.??"]

1. e4 c5 2. c3 Nf6 3. e5 Nd5 4. d4 cxd4 5. Nf3 Nc6 6. cxd4 d6 7. Bc4 dxe5 8.
dxe5 e6 9. O-O Be7 10. Qe2 Qc7 11. Rd1 Nb6 12. Bd3 Bd7 13. Nc3 a6 14. Bf4 Nb4
15. Be4 Na4 16. Rac1 Nxc3 17. Rxc3 Nc6 18. Nd4 Nxd4 19. Rxd4 Qa5 20. Rxd7 Kxd7
21. Qd2+ Ke8 22. Rc8+ Rxc8 23. Qxa5 Rc5 24. Qa4+ Kf8 25. Bxb7 g5 26. Be3 Rxe5
27. Kf1 f6 28. Qxa6 Kf7 29. Bd4 Rf5 30. Bc8 1-0

[Event "Tradewise Hastings Masters 15-16"]
[Site "Hastings, England"]
[Date "2016.01.03"]
[Round "7.25"]
[White "Singh, Vishnu"]
[Black "Willson, Ollie"]
[Result "1-0"]
[WhiteElo "2180"]
[BlackElo "2033"]
[PlyCount "81"]
[EventDate "2016.??.??"]

1. e4 c5 2. Nc3 e6 3. g3 Nc6 4. Bg2 Nf6 5. f4 d5 6. e5 Nd7 7. Nf3 Be7 8. d3 Rb8
9. a4 a6 10. Bd2 b5 11. axb5 axb5 12. O-O O-O 13. Kh1 c4 14. d4 b4 15. Ne2 Nb6
16. g4 f6 17. Ng3 fxe5 18. fxe5 Bd7 19. g5 c3 20. bxc3 bxc3 21. Bc1 g6 22. h4
Nb4 23. Bh3 Nc4 24. Rf2 Ra8 25. Rb1 Qa5 26. Ne2 Na2 27. Rb7 Qa4 28. Nf4 Nxc1
29. Rxd7 Rxf4 30. Bxe6+ Kf8 31. Qxc1 Qa1 32. Qxa1 Rxa1+ 33. Kg2 Ke8 34. Kg3 Rf8
35. Rxd5 Ne3 36. Rb5 Rh1 37. d5 h6 38. d6 Bd8 39. Bd5 Nd1 40. e6 Rg8 41. Re2
1-0

[Event "Tradewise Hastings Masters 15-16"]
[Site "Hastings, England"]
[Date "2016.01.03"]
[Round "7.26"]
[White "Lyell, Mark"]
[Black "Gallagher, Daniel GH"]
[Result "1/2-1/2"]
[WhiteElo "2228"]
[BlackElo "2010"]
[PlyCount "72"]
[EventDate "2016.??.??"]

1. e4 c5 2. c3 Nf6 3. e5 Nd5 4. Nf3 Nc6 5. Bc4 Nb6 6. Bb3 d5 7. exd6 c4 8. Bc2
e5 9. O-O Be6 10. b3 Bxd6 11. Na3 O-O 12. Qe2 cxb3 13. axb3 Nd5 14. Re1 Nf4 15.
Qf1 Bd5 16. Nc4 Bc7 17. d4 exd4 18. Bxf4 Bxf4 19. Qd3 g6 20. Nxd4 Qh4 21. h3
Nxd4 22. Qxd4 Rfd8 23. Qc5 b6 24. Qe7 Qxe7 25. Rxe7 Re8 26. Rxe8+ Rxe8 27. g3
Bb8 28. Kf1 Bf3 29. Bd1 Bc6 30. Be2 Kg7 31. Rd1 Bc7 32. Rd3 Rd8 33. Re3 Re8 34.
Rxe8 Bxe8 35. Bf3 Bb5 36. Ke2 Bxc4+ 1/2-1/2